000 00391nam a2200169Ia 4500
003 LK-CoDNM
008 010623t1973 xxu||||| |||| 00| 1 eng d
040 _aLK-CoDNM
_dLK-CoDNM
_eLK-CoDNM
041 _aeng
080 _a954.8719
100 _aDe Silva,K.M
_eed.
245 _aUniversity Of Ceylon
260 _b
_c1973
300 _b579p.;25.4 cm cm
650 _aHistory
942 _cBK
999 _c109093
_d109093